Personnages de La "Famille" Don Quichotte de One Piece par images - Statistiques

Statistiques générales
  • Ce quiz a été pris 38 fois
  • Le résultat moyen est 14 sur 18
Statistiques - réponses
Par images Hint Réponse % Correct
Capitaine Don Quichotte Doflamingo
100%
Unité de Cœur ♥ "2e Corazon" Don Quichotte Rossinante
97%
Unité de ♣ Équipe des super pouvoirs Violet (Officier)
90%
Unité de Cœur ♥ "1er Corazon" Vergo
87%
Autres membres Bellamy
87%
Unité de ♣ Équipe des super pouvoirs Sugar (Agent Spéciale)
87%
Unité de ♠ Troupe d'élite Pica "Leader d'Unité"
84%
Unité de ♦ Groupe des combattants Diamante "Leader d'unité"
81%
Unité de ♦ Groupe des combattants Señor Pink (Officier)
81%
Unité de ♣ Équipe des super pouvoirs Trébol "Leader d'Unité"
81%
Unité de ♠ Troupe d'élite Baby 5 (Officier)
77%
Autres membres Monet (Cadre)
77%
Unité de ♠ Troupe d'élite Buffalo (Officier)
65%
Unité de ♦ Groupe des combattants Dellinger (Officier)
61%
Unité de ♦ Groupe des combattants Lao G (Officier)
61%
Unité de ♣ Équipe des super pouvoirs Jora (Officier)
58%
Unité de ♠ Troupe d'élite Gladius (Officier)
55%
Unité de ♦ Groupe des combattants Machvise (Officier)
52%
Aucun quiz correspondant
Distribution des résultats
% des personnes avec chaque résultat
Percentile par nombre de réponses
Votre historique - résultats
Vous n’avez pas pris ce quiz